LEADER 01702nam0 22003373i 450 001 VAN0255657 005 20230309085834.403 017 70$2N$a978-3-030-96523-5 100 $a20230309d2022 |0itac50 ba 101 $aeng 102 $aCH 105 $a|||| ||||| 200 1 $aHazardous Environmental Micro-pollutants, Health Impacts and Allied Treatment Technologies$feditors Toqeer Ahmed, Muhammad Zaffar Hashmi 210 $aCham$cSpringer$d2022 215 $aVIII, 401 p.$cill.$d24 cm 410 1$1001VAN0238466$12001 $aEmerging Contaminants and Associated Treatment Technologies$1210 $aCham$cSpringer$d2020- 620 $aCH$dCham$3VANL001889 702 1$aAhmed$bToqeer$3VANV208827 702 1$aHashmi$bMuhammad Z.$3VANV195498 712 $aSpringer $3VANV108073$4650 790 1$aHashmi, Muhammad Zaffar$zHashmi, Muhammad Z.$3VANV195499 790 1$aHashmi, M. Z.$zHashmi, Muhammad Z.$3VANV195500 790 1$aHashmi, M.Z.$zHashmi, Muhammad Z.$3VANV200940 801 $aIT$bSOL$c20240614$gRICA 856 4 $uhttps://link.springer.com/book/10.1007/978-3-030-64258-7$zE-book - Accesso al full-text attraverso riconoscimento IP di Ateneo, proxy e/o Shibboleth 899 $aBIBLIOTECA DEL DIPARTIMENTO DI SCIENZE E TECNOLOGIE AMBIENTALI BIOLOGICHE E FARMACEUTICHE$1IT-CE0101$2VAN17 912 $fN 912 $aVAN0255657 950 $aBIBLIOTECA DEL DIPARTIMENTO DI SCIENZE E TECNOLOGIE AMBIENTALI BIOLOGICHE E FARMACEUTICHE$d17CONS e-book 2307 $e17BIB2307/331 331 20230309 $sBuono 996 $aHazardous Environmental Micro-pollutants, Health Impacts and Allied Treatment Technologies$93041441 997 $aUNICAMPANIA